| 000 | 00507nam a22001817a 4500 | ||
|---|---|---|---|
| 999 |
_c525574 _d525574 |
||
| 003 | NUST | ||
| 005 | 20190703060850.0 | ||
| 038 | _aFaiza | ||
| 082 |
_a891.4301 _bAHM |
||
| 100 |
_aAhmad Paracha _916483 |
||
| 245 |
_aUrdu Adab ki taraqi pasand rehrik / _cAhmad Paracha |
||
| 260 |
_aLahore: _bFiction House, _c2010. |
||
| 300 | _a234p. ; | ||
| 500 | _aHard Cover | ||
| 880 |
_6100-01\r _aاحمد پراچہ |
||
| 880 |
_6245-02\r _a /اُردو ادب کی ترقی پسند تحریک |
||
| 942 |
_2ddc _cBK |
||